000 00646nam a2200241 i 4500
001 C2-0142743
003 PPAK
005 20180727125633.0
008 980111s1984 enka|||| ||||| | eng d
020 _a0907486134
040 _aPPAK
_beng
_cPPAK
_erda
082 0 4 _a002.075
_223
090 0 0 _a002.075
_bTHO
_dR
100 1 _aThomas, Alan G,
_eauthor
245 1 0 _aGreat books and book collectors
264 1 _aLondon :
_bChancellor Press ,
_c1984
300 _a280 pages :
_billustrations ;
_c31 cm
336 _2rdacontent
_atext
337 _2rdamedia
_aunmediated
338 _2rdacarrier
_avolume
650 1 0 _aBooks
942 _ddc
_cB
999 _c44629
_d44629